Scottish towns - Statistics

General Stats
  • This quiz has been taken 87 times
  • The average score is 11 of 15
Answer Stats
Hint Answer % Correct
The capital Edinburgh
99%
The largest city Glasgow
97%
The oil capital Aberdeen
91%
Most northerly city Inverness
88%
The home of golf St Andrews
87%
Big Wheel and Kelpies Falkirk
83%
Queen of the South Dumfries
79%
Farthest point from Lands End John o Groats
75%
Ben Nevis Fort William
73%
Where Balamory was set Tobermory
63%
Jute, jam and journalism Dundee
61%
Former capital Perth
60%
Gateway to the Highlands Stirling
51%
Steel town Motherwell
41%
Lanimers Day Lanark
17%
No matching quizzes found
Score Distribution
Percent of People with Each Score
Percentile by Number Answered
Your Score History
You have not taken this quiz